000 00244nam a22001097a 4500
008 170118b xxu||||| |||| 00| 0 eng d
020 _a9780323028042
041 _aeng
080 _a618.2
245 _aNURSING PDQ
_cGIDDENS, J.F
942 _2udc
_cBK
999 _c3141
_d3141